1957 1932 1488 1122 1288 1278 1244 1740 1432 1145 1978 1373 1733 1934 1804 1439 1692 1096 1944 1510 1692 1055 1536 1585 1737 1422 1485 1846 1901 1282 1171 1465 1091 1042 1779 1267 1340 1407 1118 1846 1722 1569 1062 1424 1194 1668 1427 1228 1693 1554 1823 1943 1144 1039 1342 1117 1151 1270 1100 1177 1400 1660 1978 1346 1158 1142 1721 1143 1435 1128 1066 1841 1932 1432 1806 1327 1455 1033 1875 1102 1279 1013 1330 1866 1339 1542 1239 1624 1493 1203 1666 1504 1518 1553 1917 1426 1900 1196 1596 BCNSPRNW ULIB Ver.6.0+V

เปลี่ยนเป็นภาษาไทย

Change to English
 แสดงรายละเอียดบรรณานุกรม
  กลับหน้าหลัก

Brief Record : Get Marc (ISO 2709) : E-mail record : QR code < ปิดหน้าต่าง
LEADER : 00000nam 2200000uu 4500
001    13399111637
003     ULIB
008    110704s2552||||th 000 0 tha d
020    9789743009013
060 04 WY100^bค695
100 0  สุปาณี เสนาดิสัย,^eบรรณาธิการ
245 00 คู่มือปฏิบัติการพยาบาล /^cสุปาณี เสนาดิสัย, มณีอาภานันทิกุล, บรรณาธิการ
250    พิมพ์ครั้งที่ 1
260    กรุงเทพฯ :^bจุดทอง,^c2552
300    (25), 573 หน้า :^bภาพประกอบ ;^c26 ซม.
650  4 การพยาบาล^xคู่มือ
700 0  มณี อาภานันทิกุล,^eบรรณาธิการ
945    ^p450^l0^i16689
945    ^p450^l0^i16012
945    ^p450^l0^i16011
945    ^p450^l0^i16690
945    ^p450^l0^i21788
945    ^p450^l0^i21789
945    ^p450^l0^i21790
945    ^p450^l0^i21791
945    ^p450^l0^i21792
945    ^p450^l0^i21793
945    ^p450^l0^i21794
945    ^p450^l0^i21795
945    ^p450^l0^i21796
945    ^p450^l0^i21797
945    ^p450^l0^i21798
945    ^p450^l0^i21799
945    ^p450^l0^i21800
945    ^p450^l0^i21801
945    ^p450^l0^i21802
995    ทศพร
999 ^a ใช้งานได้ทุกระบบ
รายการนี้ยังไม่มีแท็ก
คุณยังไม่ได้ล็อกอิน คุณสามารถมีกิจกรรมร่วมกับเว็บไซต์ได้ แต่ต้องล็อกอินก่อน ::
  ล็อกอิน

รายการสื่อสารสนเทศ

ลำดับที่ ประเภท เลขเรียก/บาร์โค้ด สถานที่ สถานะ
1. Book การพยาบาล
Book การพยาบาล
สถานะ=หนังสือเก่า
WY100 ค695 ฉ.15 
  Barcode: 21798
ห้องสมุดวิทยาเขตนครสวรรค์
►ส่วนจัดเก็บหนังสือเก่า นว.
บนชั้น
  ขอยืม
2. Book การพยาบาล
Book การพยาบาล
สถานะ=หนังสือเก่า
WY100 ค695 ฉ.4 
  Barcode: 16690
ห้องสมุดวิทยาเขตนครสวรรค์
►ส่วนจัดเก็บหนังสือเก่า นว.
บนชั้น
  ขอยืม

รายการใกล้เคียง
    ผู้แต่ง [สุปาณี เสนาดิสัย, บรรณาธิการ]

BibComment


ยังไม่เคยถูกคอมเมนท์

คอมเมนท์ทรัพยากรรายการนี้
  คอมเมนท์: คู่มือปฏิบัติการพ..


 Copyright 2026. Bcnsprnw @Library